Learner Services FC - Statistics

General Stats
  • This quiz has been taken 14 times
  • The average score is 7 of 12
Answer Stats
Hint Answer % Correct
Ball Boy/ Cone Boy Dafydd Roberts
86%
Manager Ken, Philip Roberts
86%
Style of Play Barca Style of Play
71%
Banking Partners HSBC
71%
Main Rivals Bangor City. Caernarfon, Team Learner Support
57%
Kit Suppliers Llyn Sports
57%
Riot Specialist Tomos Roberts
57%
Official Fast Food Suppliers Ying Wah
57%
Security Christy Security
43%
Left Back (At The Dressing Room) Mathew Mackenzie
43%
Team Motto Sesh Mental
43%
Kit Colours Black T shirt, Glasses, jeans
29%
No matching quizzes found
Score Distribution
Percent of People with Each Score
Percentile by Number Answered
Your Score History
You have not taken this quiz